Paesi d'Europa - Sprint in Un Minuto - Statistics

Statistiche generali
  • Questo quiz è stato fatto 9.984 volte
  • Il punteggio medio è 26 su 45
Risposte nella Mappa
Le risposte nella mappa del quiz sottostante sono codificate secondo una scala di colori dal rosso al verde in base alla % di persone che hanno risposto correttamente.
 
Statistiche sulle risposte
Paese % Corretto
Italia
94%
Francia
91%
Spagna
89%
Germania
85%
Portogallo
82%
Irlanda
81%
Svezia
81%
Islanda
80%
Norvegia
79%
Regno Unito
79%
Finlandia
73%
Russia
72%
Belgio
69%
Svizzera
67%
Paesi Bassi
64%
Polonia
63%
Estonia
62%
Lettonia
61%
Andorra
60%
Danimarca
60%
Lituania
59%
San Marino
59%
Austria
56%
Città del Vaticano
56%
Grecia
56%
Monaco
55%
Ucraina
55%
Romania
48%
Albania
45%
Bielorussia
45%
Lussemburgo
45%
Slovenia
42%
Serbia
40%
Croazia
39%
Malta
39%
Bulgaria
38%
Slovacchia
37%
Moldavia
35%
Ungheria
35%
Bosnia ed Erzegovina
32%
Kosovo
32%
Liechtenstein
31%
Repubblica Ceca
30%
Macedonia del Nord
26%
Montenegro
26%
Nessun quiz corrispondente trovato
Distribuzione punteggi
Percentuale di utenti per punteggio
Percentile per numero di risposta
I tuoi punteggi nel tempo
Non hai fatto questo quiz